Duos célèbres - Statistiques

Statistiques générales
  • Ce quiz a été pris 474 fois
  • Le résultat moyen est 14 sur 25
Statistiques - réponses
L'un(e) L'autre % Correct
Boule Bill
98%
Astérix Obélix
97%
Hansel Gretel
84%
Laurel Hardy
83%
Adam Eve
82%
Romulus Remus
82%
Marie Curie Pierre Curie
75%
Tristan Iseult
72%
Jane Birkin Serge gainsbourg
68%
Docteur Jekyll Mister Hyde
67%
Blake Mortimer
62%
Castor Pollux
57%
Godefroy de Montmirail Jacquouille la fripouille
54%
Elie (Semoun) Dieudonné
45%
Eric Zemmour Eric Naulleau
42%
Jean-Paul Sartre Simone de Beauvoir
42%
Amadou Mariam
39%
Thierry Roland Jean-Michel Larqué
38%
Yvan Le Bolloc'h Bruno Solo
37%
Yves Montand Simone Signoret
37%
Pif Hercule
34%
Bud Spencer Terence Hill
32%
Catherine Ringer Fred Chichin
20%
Salvador Dali Gala
12%
Brett Sinclair Danny Wilde
11%
Aucun quiz correspondant
Distribution des résultats
% des personnes avec chaque résultat
Percentile par nombre de réponses
Votre historique - résultats
Vous n’avez pas pris ce quiz